[Event "Brno festival"]
[Site "?"]
[Date "2015.08.26"]
[Round "5"]
[White "Kozusek, Daniel"]
[Black "Roubalik, Jakub"]
[Result "0-1"]
[WhiteElo "2347"]
[BlackElo "2379"]
[PlyCount "116"]

1. e4 e5 2. Nf3 Nf6 3. Nxe5 d6 4. Nf3 Nxe4 5. d4 Be7 6. Bd3 Nf6 7. h3 O-O 8.
O-O Nbd7 9. Re1 Re8 10. Nbd2 Bf8 11. Rxe8 Qxe8 12. Nf1 g6 13. Ng3 Bg7 14. Qf1
Nb6 15. Bg5 Be6 16. c4 d5 17. c5 Nbd7 18. b4 Nf8 19. Qc1 Bd7 20. Qb2 a6 21. Bf4
Ne6 22. Be5 Bb5 23. Bxb5 axb5 24. Qb3 Qd7 25. Ne2 Ne4 26. Bxg7 Kxg7 27. Ne5 Qd8
28. a4 Qh4 29. Nd3 Nf6 30. Qb2 bxa4 31. Ra3 c6 32. Qa1 Qe4 33. Kf1 Nh5 34. f3
Qf5 35. Ne1 Nhf4 36. Nc1 Qf6 37. Nc2 Ng5 38. Rxa4 Rxa4 39. Qxa4 Nxg2 40. Qb3
Nh4 41. Qe3 Nhxf3 42. Ke2 Nxh3 43. Nd3 Nfg1+ 44. Kd2 Qg5 45. b5 Nf3+ 46. Kc3
Qf6 47. Ne5 Nhg5 48. Nd7 Qd8 49. bxc6 bxc6 50. Nb6 Ne4+ 51. Kd3 Qf6 52. Nb4 Qf5
53. Ke2 Nfd2 54. Kd1 Qf1+ 55. Qe1 Qf3+ 56. Kc1 Qa3+ 57. Kc2 Qb3+ 58. Kc1 Qb1#
0-1

[Event "Brno festival"]
[Site "?"]
[Date "2015.08.26"]
[Round "5"]
[White "Dvorak, Adam"]
[Black "Vyskocil, Neklan"]
[Result "1/2-1/2"]
[WhiteElo "2230"]
[BlackElo "2376"]
[PlyCount "81"]

1. d4 f5 2. g3 Nf6 3. Bg2 g6 4. c4 Bg7 5. Nc3 c6 6. Bf4 d6 7. Qc1 O-O 8. Nf3
Qe8 9. O-O Na6 10. Rd1 Bd7 11. b3 Rc8 12. Qe3 Nh5 13. Rac1 Nxf4 14. gxf4 h6 15.
a3 Bf6 16. b4 Rf7 17. b5 Nc7 18. bxc6 bxc6 19. c5 Rf8 20. cxd6 exd6 21. Qxe8
Rfxe8 22. Ne5 Bxe5 23. dxe5 d5 24. Rb1 Rb8 25. e3 Kg7 26. Ne2 Ne6 27. Nd4 Nxd4
28. exd4 g5 29. Bf1 Kf7 30. Kg2 Ke6 31. Kf3 Rb6 32. Bd3 Reb8 33. Rxb6 axb6 34.
fxg5 hxg5 35. Rg1 Ra8 36. Rxg5 Rxa3 37. Ke2 Ke7 38. h4 Ra4 39. Bxf5 Bxf5 40.
Rxf5 Rxd4 41. f4 {(R)} 1/2-1/2

[Event "Brno festival"]
[Site "?"]
[Date "2015.08.26"]
[Round "5"]
[White "Strebkovs, Andrejs"]
[Black "Pokorny, Petr"]
[Result "1-0"]
[WhiteElo "2358"]
[BlackElo "2164"]
[PlyCount "99"]

1. c4 e6 2. g3 d5 3. Nf3 c6 4. Bg2 dxc4 5. Qc2 Nf6 6. Qxc4 b5 7. Qb3 Bb7 8. d3
Nbd7 9. O-O Be7 10. Bf4 O-O 11. Nc3 Qb6 12. Nd2 a6 13. Rac1 Rac8 14. Rfd1 Rfd8
15. h3 h6 16. Be3 Bc5 17. Bxc5 Nxc5 18. Qc2 Ncd7 19. Nf3 c5 20. b3 Qc6 21. Nh4
Qb6 22. Qb2 Bxg2 23. Nxg2 Nb8 24. e3 Nc6 25. Qe2 Rd7 26. f4 Rcd8 27. g4 Nb4 28.
Ne1 Nbd5 29. Nf3 Nxc3 30. Rxc3 Nd5 31. Rcc1 c4 32. d4 c3 33. Ne5 Rc7 34. Qf2
Nf6 35. Qf3 Nd7 36. Nd3 b4 37. Rc2 a5 38. Rf1 Qc6 39. Qe2 Nf6 40. Ne5 Qd5 41.
Nc4 Qb5 42. Qf3 a4 43. g5 Nh7 44. gxh6 g6 45. Ne5 axb3 46. axb3 Qd5 47. Qg3 Qe4
48. f5 exf5 49. Nxg6 Qxc2 50. Qe5 1-0

[Event "Brno festival"]
[Site "?"]
[Date "2015.08.26"]
[Round "5"]
[White "Meszaros, Ludek"]
[Black "Fiala, Vaclav"]
[Result "0-1"]
[WhiteElo "2123"]
[BlackElo "2241"]
[PlyCount "88"]

1. e4 c5 2. Nf3 d6 3. d4 cxd4 4. Nxd4 Nf6 5. Nc3 a6 6. f4 e5 7. Nf3 Qc7 8. Bd3
Be7 9. O-O b5 10. Kh1 Bb7 11. Qe1 Nbd7 12. Nh4 g6 13. a3 h6 14. Nf3 Rc8 15. Bd2
Nh5 16. fxe5 dxe5 17. b4 Nf4 18. g3 Nxd3 19. cxd3 Qd6 20. Qe3 Nf6 21. h3 Rd8
22. Ne1 Qe6 23. Kh2 h5 24. a4 Bc8 25. Rh1 Qxh3+ 26. Kg1 Qd7 27. axb5 Ng4 28.
Qb6 Bxb4 29. bxa6 Qe7 30. Kg2 Bc5 31. Qb1 Nf2 32. Rh2 Ng4 33. Rh1 O-O 34. Nf3
Nf2 35. Bg5 f6 36. Bh6 Rf7 37. Nd5 Rxd5 38. exd5 Nxh1 39. Qb8 Qd7 40. Rxh1 Ba7
41. Qa8 Kh7 42. Bd2 Bxa6 43. Bc3 Bxd3 44. Bxe5 Be4 0-1

[Event "Brno festival"]
[Site "?"]
[Date "2015.08.26"]
[Round "5"]
[White "Glozar, Petr"]
[Black "Lanc, Alois"]
[Result "0-1"]
[WhiteElo "1588"]
[BlackElo "2290"]
[PlyCount "50"]

1. d4 g6 2. Nf3 Bg7 3. Bg5 h6 4. Bh4 c5 5. e3 cxd4 6. exd4 Qb6 7. Qc1 f5 8. h3
f4 9. Qxf4 g5 10. Bxg5 hxg5 11. Qxg5 Bh6 12. Qh5+ Kd8 13. Ng5 Qa5+ 14. Nd2 Qxg5
15. Qxg5 Bxg5 16. Nf3 Bf6 17. g4 Nc6 18. c3 d6 19. g5 Bg7 20. h4 e5 21. d5 Nce7
22. c4 Bg4 23. Nd2 Nf5 24. f3 Bh5 25. Bd3 Nge7 0-1

[Event "Brno festival"]
[Site "?"]
[Date "2015.08.26"]
[Round "5"]
[White "Zpevakova, Jana"]
[Black "Chudinovskikh, Alexander"]
[Result "0-1"]
[WhiteElo "1997"]
[BlackElo "2275"]
[PlyCount "62"]

1. d4 Nf6 2. c4 e6 3. Nc3 Bb4 4. Nf3 c5 5. e3 Nc6 6. Bd3 Bxc3+ 7. bxc3 d6 8.
O-O e5 9. Qc2 Qe7 10. dxe5 Nxe5 11. Nxe5 dxe5 12. e4 Nh5 13. g3 Bh3 14. Re1 g5
15. a4 Rg8 16. a5 Nf4 17. Bf1 Qe6 18. Be3 Bxf1 19. Rxf1 Qxc4 20. Ra4 Qd3 21.
Qxd3 Nxd3 22. Rb1 O-O-O 23. Kf1 Rd7 24. Ke2 h6 25. Rb3 Rgd8 26. c4 Kc7 27. Raa3
Nb4 28. Bxc5 Nc2 29. Ra4 g4 30. Be3 Rd1 31. f3 Rh1 0-1

[Event "Brno festival"]
[Site "?"]
[Date "2015.08.26"]
[Round "5"]
[White "Kubala, Karel"]
[Black "Novosadova, Kristyna"]
[Result "0-1"]
[WhiteElo "1955"]
[BlackElo "2226"]
[PlyCount "102"]

1. d4 Nf6 2. Nf3 g6 3. Nc3 d5 4. Bf4 Bg7 5. e3 O-O 6. Be2 b6 7. O-O c5 8. Nb5
a6 9. Bc7 Qe8 10. Nc3 Qc6 11. Bg3 Nbd7 12. Ne5 Nxe5 13. Bxe5 Bb7 14. Bf3 Ne4
15. Bxg7 Kxg7 16. Bxe4 dxe4 17. dxc5 Rfd8 18. Qe2 Qxc5 19. Rfd1 Qb4 20. Rab1 e5
21. a3 Rxd1+ 22. Qxd1 Qe7 23. Qe2 f5 24. Rd1 Rd8 25. Rd2 f4 26. exf4 exf4 27.
Qd1 Rxd2 28. Qxd2 f3 29. Qd4+ Kg8 30. Nd1 fxg2 31. Ne3 b5 32. c4 bxc4 33. Qxc4+
Kg7 34. Ng4 Qd6 35. Qc3+ Kf7 36. Ne3 Bc6 37. Qc4+ Ke7 38. Qxa6 h5 39. Qc4 h4
40. Kxg2 Qf6 41. Qe2 Qe5 42. Qg4 Qf6 43. Qd1 Qxb2 44. Qd6+ Kxd6 45. Nc4+ Kc5
46. Nxb2 e3+ 47. Kf1 Bb5+ 48. Ke1 e2 49. Na4+ Bxa4 50. Kxe2 h3 51. Kd3 Bd7 0-1

[Event "Brno festival"]
[Site "?"]
[Date "2015.08.26"]
[Round "5"]
[White "Skacelik, Petr"]
[Black "Musil, Jiri"]
[Result "1/2-1/2"]
[WhiteElo "2172"]
[BlackElo "2122"]
[PlyCount "110"]

1. d4 Nf6 2. c4 e6 3. Nc3 Bb4 4. Qc2 O-O 5. a3 Bxc3+ 6. Qxc3 b5 7. cxb5 c6 8.
Bg5 cxb5 9. e3 Bb7 10. Nf3 h6 11. Bh4 g5 12. Bg3 Ne4 13. Qc2 f5 14. Bc7 Qe7 15.
Bg3 Rc8 16. Qd1 a6 17. Bd3 d6 18. O-O Nxg3 19. hxg3 Nd7 20. Nd2 Nf6 21. Qe2 Rc7
22. Rfc1 Rac8 23. Qd1 Qd7 24. Nb3 Bd5 25. Rxc7 Rxc7 26. Nd2 Qc8 27. f3 e5 28.
e4 fxe4 29. fxe4 Bf7 30. Nf3 Ng4 31. Qd2 Kg7 32. Re1 Bc4 33. Bb1 Rf7 34. Rc1
Qf8 35. Rc3 exd4 36. Qxd4+ Kg8 37. Bd3 Bxd3 38. Rxd3 Rf6 39. Rc3 Qe7 40. Rc8+
Rf8 41. Rc6 Re8 42. Qd5+ Qe6 43. Qxe6+ Rxe6 44. Nd2 Kf7 45. Rxa6 Ke7 46. Ra7+
Kf6 47. Kf1 d5 48. Ke2 dxe4 49. Rb7 e3 50. Nf3 Rc6 51. Nd4 Rd6 52. Nf3 Rc6 53.
Nd4 Rd6 54. Nf3 Rc6 55. Nd4 Rd6 1/2-1/2

[Event "Brno festival"]
[Site "?"]
[Date "2015.08.26"]
[Round "5"]
[White "Janous, Petr"]
[Black "Vechet, Stanislav"]
[Result "1/2-1/2"]
[WhiteElo "1883"]
[BlackElo "2168"]
[PlyCount "139"]

1. e4 e5 2. Nf3 Nc6 3. Nc3 Nf6 4. d4 exd4 5. Nxd4 Bb4 6. Nxc6 bxc6 7. Bd3 d5 8.
exd5 cxd5 9. O-O O-O 10. Bg5 c6 11. Qf3 Be7 12. h3 Be6 13. Rfe1 Re8 14. Na4 h6
15. Bf4 Nd7 16. b3 Nc5 17. Nxc5 Bxc5 18. Qg3 Bd4 19. Be5 Bxe5 20. Rxe5 Bd7 21.
Rae1 Rxe5 22. Rxe5 Kf8 23. Qe3 Qb6 24. Qe2 Qd4 25. a4 Re8 26. Rxe8+ Bxe8 27. c4
Bd7 28. cxd5 cxd5 29. Bb5 Bxb5 30. Qxb5 Qa1+ 31. Kh2 Qe5+ 32. g3 Qd6 33. Qd3 d4
34. Kg2 g6 35. Kf3 Qd5+ 36. Ke2 a5 37. Qf3 Qe6+ 38. Kd2 Kg7 39. Qd3 Qf6 40. Ke2
Qe5+ 41. Kd2 h5 42. Qb5 Qf6 43. f4 h4 44. Qd3 hxg3 45. Qxg3 Qd6 46. Qf3 Qb4+
47. Kc2 Qc5+ 48. Kd2 Qb4+ 49. Kc2 Qc5+ 50. Kd2 Qf5 51. Qg3 Qb1 52. Qd3 Qg1 53.
Qf3 Qh2+ 54. Kd3 Qb2 55. Kc4 Qd2 56. Qd3 Qb4+ 57. Kd5 Kh7 58. h4 Qc3 59. Qxd4
Qxb3+ 60. Qc4 Qb7+ 61. Kc5 Kh6 62. Qd4 Qa7+ 63. Kc4 Qa6+ 64. Kc3 Qc6+ 65. Kb3
Kh7 66. Qc4 Qb7+ 67. Kc3 Qf3+ 68. Kb2 Qf2+ 69. Kb3 Qe3+ 70. Kb2 1/2-1/2

[Event "Brno festival"]
[Site "?"]
[Date "2015.08.26"]
[Round "5"]
[White "Krajicek, Filip"]
[Black "Markovic, Ivan"]
[Result "1/2-1/2"]
[WhiteElo "1663"]
[BlackElo "2157"]
[PlyCount "83"]

1. d4 g6 2. Nf3 Bg7 3. e3 d6 4. b3 Nf6 5. Bb2 c6 6. Bd3 O-O 7. O-O Qc7 8. c4
Nbd7 9. Qc2 c5 10. Nbd2 b6 11. d5 Ne5 12. Nxe5 dxe5 13. Qc3 Ne8 14. Qc2 f5 15.
f3 Nd6 16. Bc3 Bd7 17. Qb2 Nf7 18. f4 Bf6 19. e4 exf4 20. Bxf6 exf6 21. exf5
Qe5 22. Qxe5 Nxe5 23. Bc2 g5 24. g3 fxg3 25. hxg3 Kg7 26. Ne4 h5 27. Rae1 Rae8
28. Kg2 Ng4 29. Bd1 Re5 30. Bxg4 hxg4 31. Nd6 Rd8 32. Rxe5 fxe5 33. f6+ Kg6 34.
f7 Rf8 35. Rf2 Kg7 36. Kf1 Rh8 37. Ke2 Kf8 38. Rf6 Kg7 39. Rf2 Kf8 40. Rf6 Kg7
41. Rf2 Kf8 42. Rf6 1/2-1/2

[Event "Brno festival"]
[Site "?"]
[Date "2015.08.26"]
[Round "5"]
[White "Krejci, Petr"]
[Black "Popper, Tomas"]
[Result "0-1"]
[WhiteElo "2047"]
[BlackElo "2034"]
[PlyCount "138"]

1. Nf3 Nf6 2. g3 b6 3. Bg2 Bb7 4. O-O d6 5. d4 Nbd7 6. c4 e6 7. Nc3 Be7 8. Qc2
O-O 9. e4 e5 10. d5 a6 11. Nh4 g6 12. Bh6 Re8 13. Bf3 Bc8 14. Ng2 Bf8 15. Bg5
h6 16. Be3 Bg7 17. Qd2 Kh7 18. g4 Ng8 19. Ne2 Qf6 20. Ne1 Nf8 21. Ng3 Qe7 22.
Ng2 Bd7 23. Rac1 Bf6 24. h3 Bg5 25. b4 a5 26. a3 axb4 27. axb4 Ra7 28. Qc3 Bxe3
29. Nxe3 Rea8 30. Ra1 Qd8 31. Rxa7 Rxa7 32. c5 bxc5 33. bxc5 Qb8 34. Kg2 Nf6
35. Ra1 Ne8 36. h4 Kg8 37. c6 Bc8 38. Rxa7 Qxa7 39. Qc1 Kg7 40. Qb2 Nh7 41. Nc4
Kf8 42. Qa3 Qxa3 43. Nxa3 Ba6 44. Be2 Bxe2 45. Nxe2 Ke7 46. Nc4 Nhf6 47. f3 Kd8
48. Ng3 Ke7 49. Kh3 Kd8 50. h5 Ke7 51. Ne3 Nh7 52. hxg6 fxg6 53. Ngf5+ gxf5 54.
Nxf5+ Kf6 55. Nxh6 Kg5 56. Nf5 Kf4 57. Kg2 Ng5 58. Nh4 Ng7 59. Kf2 Nxe4+ 60.
fxe4 Kxe4 61. Ng6 Kxd5 62. Ne7+ Ke6 63. Ng6 Ne8 64. Ke3 Nf6 65. g5 Nd5+ 66. Ke4
Nb4 67. Nf8+ Kf7 68. Nh7 Nxc6 69. Nf6 Ne7 0-1

[Event "Brno festival"]
[Site "?"]
[Date "2015.08.26"]
[Round "5"]
[White "Habina, Martin"]
[Black "Zeman, Radek"]
[Result "1-0"]
[WhiteElo "2010"]
[BlackElo "1866"]
[PlyCount "107"]

1. e4 c5 2. Nc3 Nc6 3. f4 g6 4. Nf3 Bg7 5. Bc4 e6 6. O-O Nge7 7. Qe1 O-O 8. Qh4
d5 9. Bb5 a6 10. Bxc6 Nxc6 11. Qxd8 Rxd8 12. e5 b5 13. d3 Bb7 14. Bd2 {(R)} Bf8
15. Ne2 Rac8 16. g4 d4 17. Ng5 c4 18. Ng3 Nb4 19. Bxb4 Bxb4 20. Rf2 cxd3 21.
cxd3 Be7 22. N5e4 Rc7 23. g5 Rdc8 24. Nf6+ Bxf6 25. gxf6 b4 26. Ne2 Rd7 27. Rc1
a5 28. Rxc8+ Bxc8 29. Nc1 Rc7 30. Nb3 Ba6 31. Rd2 a4 32. Nxd4 Rd7 33. Nc6 b3
34. axb3 axb3 35. Kf2 Bb7 36. Ne7+ Kf8 37. Ke3 Rc7 38. d4 Rc1 39. Rd3 Rg1 40.
d5 exd5 41. Rxb3 d4+ 42. Kxd4 Rd1+ 43. Kc5 Rd7 44. Rb6 Ke8 45. Rd6 Be4 46. Rxd7
Kxd7 47. b4 Ke6 48. h4 h6 49. Kd4 Bb7 50. b5 g5 51. fxg5 hxg5 52. hxg5 Bc6 53.
b6 Bb7 54. g6 1-0

[Event "Brno festival"]
[Site "?"]
[Date "2015.08.26"]
[Round "5"]
[White "Zuziak, Petr"]
[Black "Jurak, Stanislav"]
[Result "1-0"]
[WhiteElo "1985"]
[BlackElo "1835"]
[PlyCount "75"]

1. d4 d5 2. Nf3 Nf6 3. e3 Bg4 4. h3 Bh5 5. g4 Bg6 6. Ne5 Nbd7 7. Nxg6 hxg6 8.
c4 dxc4 9. Bxc4 Nb6 10. Bb3 Qd7 11. Nc3 Nxg4 12. Bd2 Nf6 13. Qf3 c6 14. Na4 Rh5
15. Nc5 Qc7 16. e4 e6 17. Bf4 Qc8 18. Rc1 Bxc5 19. dxc5 Nbd7 20. Bd6 Qd8 21.
Qe3 Qa5+ 22. Ke2 Rc8 23. Rc3 b6 24. e5 Ng4 25. hxg4 Rxh1 26. Qg5 Qb5+ 27. Rc4
Nf6 28. exf6 Qa5 29. fxg7 Qe1+ 30. Kf3 Rh3+ 31. Bg3 Rxg3+ 32. Kxg3 Kd7 33. Rd4+
Kc7 34. cxb6+ Kxb6 35. Rd1 Qe2 36. Qe3+ Qxe3+ 37. fxe3 Rg8 38. Rd7 1-0

[Event "Brno festival"]
[Site "?"]
[Date "2015.08.26"]
[Round "5"]
[White "Stehlik, Jiri"]
[Black "Kaplan, Milan"]
[Result "1/2-1/2"]
[WhiteElo "1979"]
[BlackElo "1815"]
[PlyCount "43"]

1. Nf3 c5 2. c4 Nf6 3. Nc3 e6 4. g3 d6 5. Bg2 Be7 6. O-O Nbd7 7. b3 Rb8 8. Bb2
a6 9. a4 b6 10. e4 O-O 11. d3 Ne8 12. Ne1 Bf6 13. f4 Bd4+ 14. Kh1 d5 15. exd5
exd5 16. Bxd5 Ndf6 17. Bf3 Nd6 18. Rb1 Bh3 19. Bg2 Bg4 20. Bf3 Bh3 21. Bg2 Bg4
22. Bf3 1/2-1/2

[Event "Brno festival"]
[Site "?"]
[Date "2015.08.26"]
[Round "5"]
[White "Dumkova, Daniela"]
[Black "Tovarek, Antonin"]
[Result "0-1"]
[WhiteElo "1777"]
[BlackElo "1972"]
[PlyCount "94"]

1. d4 Nf6 2. c4 e6 3. g3 c5 4. Nf3 cxd4 5. Nxd4 Nc6 6. Bg2 Qa5+ 7. Bd2 Qb6 8.
Nxc6 bxc6 9. b3 d5 10. cxd5 cxd5 11. Nc3 Bd7 12. O-O Bc5 13. e4 Bd4 14. exd5
Bb5 15. Nxb5 Bxa1 16. Nc7+ Qxc7 17. d6 Qxd6 18. Bxa8 O-O 19. Bf3 Be5 20. Be3
Qb8 21. Qd3 Rd8 22. Qa6 Bd4 23. Bxd4 Rxd4 24. Rc1 Rd8 25. Rc5 Nd5 26. Rb5 Nb6
27. a4 Qd6 28. a5 Qd3 29. Kg2 Nd7 30. Qc6 Qd4 {(R)} 31. Qc7 Nf8 32. b4 Rd7 33.
Qc6 Rd8 34. Rb7 g6 35. b5 Nd7 36. Qc7 Ne5 37. Rxa7 Rd7 38. Qb8+ Rd8 39. Qb7 Rd7
40. Ra8+ Kg7 41. Qe4 Qc5 42. b6 Rd2 43. Be2 Nd3 44. Qf3 Ne1+ 45. Kh3 Nxf3 46.
b7 Ng5+ 47. Kh4 Qb4+ 0-1

[Event "Brno festival"]
[Site "?"]
[Date "2015.08.26"]
[Round "5"]
[White "Dvorakova, Olga"]
[Black "Spodny, Josef"]
[Result "1/2-1/2"]
[WhiteElo "1446"]
[BlackElo "1959"]
[PlyCount "36"]

1. d4 Nf6 2. Nf3 e6 3. Bg5 c5 4. e3 Qb6 5. Nbd2 d5 6. Bd3 c4 7. Be2 Qxb2 8.
Bxf6 gxf6 9. O-O Nc6 10. e4 Be7 11. exd5 exd5 12. Re1 Bf5 13. Rc1 O-O-O 14. c3
Qb5 15. Nh4 Be6 16. Bg4 f5 17. Nxf5 Ba3 18. Rc2 Rhg8 1/2-1/2

[Event "Brno festival"]
[Site "?"]
[Date "2015.08.26"]
[Round "5"]
[White "Licka, Vlastimil"]
[Black "Blazek, Pavel"]
[Result "1-0"]
[WhiteElo "1950"]
[BlackElo "1769"]
[PlyCount "49"]

1. e4 e5 2. Nf3 Nc6 3. Bb5 a6 4. Bxc6 dxc6 5. Nc3 f6 6. d4 exd4 7. Qxd4 Qxd4 8.
Nxd4 Bd7 9. Be3 O-O-O 10. O-O-O c5 11. Nb3 b6 12. a4 Ne7 13. Nd2 Nc6 14. Nc4
Nb4 15. Bf4 Be7 16. Ne3 Rhe8 17. Ned5 Nxd5 18. Nxd5 Bxa4 19. Nxc7 Rxd1+ 20.
Rxd1 Rd8 21. Nd5 Bd6 22. Nxb6+ Kb7 23. Bxd6 Bc6 24. f3 Bb5 25. Bxc5 1-0

[Event "Brno festival"]
[Site "?"]
[Date "2015.08.26"]
[Round "5"]
[White "Vavrinkova, Eliska"]
[Black "Kuchynka, Lubos"]
[Result "1/2-1/2"]
[WhiteElo "1695"]
[BlackElo "1980"]
[PlyCount "71"]

1. d4 Nf6 2. Nf3 e6 3. c4 Bb4+ 4. Nc3 c5 5. a3 Bxc3+ 6. bxc3 Qa5 7. Bd2 O-O 8.
Qc2 d6 9. e4 e5 10. Be2 Re8 11. d5 Nbd7 12. O-O Nf8 13. Rfe1 Bd7 14. Bg5 Ba4
15. Qd3 Ng6 16. Bd1 Bd7 17. Nd2 Qd8 18. Bf3 h6 19. Be3 Nf4 20. Bxf4 exf4 21.
Nb3 b6 22. a4 g5 23. h3 h5 24. Nd2 g4 25. hxg4 hxg4 26. Bd1 Nh5 27. Bc2 Re5 28.
Nf1 Qg5 29. Qd2 Qh6 30. a5 Rae8 31. axb6 axb6 32. Ra7 Bf5 33. Rb7 Bxe4 34. Bxe4
Rxe4 35. Rxe4 Rxe4 36. Rxb6 1/2-1/2

[Event "Brno festival"]
[Site "?"]
[Date "2015.08.26"]
[Round "5"]
[White "Hruza, Dominik"]
[Black "Kopecek, Ivan"]
[Result "0-1"]
[WhiteElo "1652"]
[BlackElo "1952"]
[PlyCount "114"]

1. e4 e5 2. Nf3 Nc6 3. Bb5 a6 4. Ba4 Nf6 5. d4 exd4 6. O-O Be7 7. Re1 O-O 8. e5
Nd5 9. Bb3 Nb6 10. Nxd4 d6 11. e6 d5 12. exf7+ Rxf7 13. Nxc6 bxc6 14. Nc3 Bf5
15. Be3 Rb8 16. Bxb6 Rxb6 17. Nxd5 cxd5 18. Bxd5 Kf8 19. Bxf7 Qxd1 20. Raxd1
Kxf7 21. Rd5 Be6 22. Rde5 Bf6 23. Rc5 c6 24. b3 Bd4 25. Rh5 h6 26. Rh4 c5 27.
Rf4+ Ke7 28. Rfe4 Rd6 29. g3 Kd7 30. c4 Bf6 31. f4 Bf5 32. Re8 Rd2 33. R8e2
Bd4+ 34. Kg2 Rxe2+ 35. Rxe2 a5 36. Kf3 a4 37. g4 Bb1 38. bxa4 Bd3 39. Rg2 Bxc4
40. Ke4 Kc6 41. Rd2 Kb6 42. h4 Ka5 43. h5 Kxa4 44. g5 Bf7 45. g6 Bg8 46. Rxd4+
cxd4 47. f5 Kb5 48. Kxd4 Kc6 49. Ke5 Kd7 50. f6 Bxa2 51. f7 Ke7 52. Kf5 Bb3 53.
Kg4 Bd1+ 54. Kh4 Be2 55. Kg3 Bxh5 56. Kf4 Bxg6 57. f8=Q+ Kxf8 0-1

[Event "Brno festival"]
[Site "?"]
[Date "2015.08.26"]
[Round "5"]
[White "Halamka, Radek"]
[Black "Paulik, Martin"]
[Result "1/2-1/2"]
[WhiteElo "1741"]
[BlackElo "1891"]
[PlyCount "57"]

1. e4 Nf6 2. e5 Nd5 3. c4 Nb6 4. d4 d6 5. exd6 cxd6 6. Nf3 g6 7. b3 Bg7 8. Bb2
Nc6 9. Be2 O-O 10. O-O e5 11. dxe5 dxe5 12. Nc3 Nd4 13. Ne4 Qe7 14. Nxd4 exd4
15. Bd3 f5 16. Nd2 Nd7 17. Re1 Qd6 18. Nf3 Nc5 19. Qc2 b6 20. b4 Nxd3 21. Qxd3
Qxb4 22. Bxd4 Rd8 23. Rad1 Bb7 24. Qe3 Bxf3 25. Qe6+ Kf8 26. Bxg7+ Kxg7 27.
Qe5+ Kg8 28. Qe6+ Kg7 29. Qe5+ 1/2-1/2

[Event "Brno festival"]
[Site "?"]
[Date "2015.08.26"]
[Round "5"]
[White "Effenberger, Adam"]
[Black "Zitny, Petr"]
[Result "1/2-1/2"]
[WhiteElo "1785"]
[BlackElo "1848"]
[PlyCount "35"]

1. e4 c5 2. Nf3 g6 3. d4 cxd4 4. Nxd4 Bg7 5. c4 Nc6 6. Be3 d6 7. Nc3 Nf6 8. Be2
Qa5 9. Qd2 Nxd4 10. Qxd4 O-O 11. Qd2 Be6 12. O-O Rac8 13. Nd5 Qd8 14. f3 Bxd5
15. cxd5 a6 16. Rac1 Qd7 17. Rxc8 Rxc8 18. Rc1 {(R)} 1/2-1/2

[Event "Brno festival"]
[Site "?"]
[Date "2015.08.26"]
[Round "5"]
[White "Lisik, Miroslav"]
[Black "Perutka, Tomas"]
[Result "0-1"]
[WhiteElo "1692"]
[BlackElo "1756"]
[PlyCount "26"]

1. e4 e6 2. d4 d5 3. Nc3 Bb4 4. e5 c5 5. Bd2 cxd4 6. Nb5 Bf8 7. Nf3 Nc6 8.
Nbxd4 Qb6 9. Bc3 Bc5 10. Bd3 Bd7 11. O-O Nxd4 12. b4 Nxf3+ 13. Qxf3 Bd4 0-1

[Event "Brno festival"]
[Site "?"]
[Date "2015.08.26"]
[Round "5"]
[White "Fryda, Dominik"]
[Black "Zikan, Karel"]
[Result "1-0"]
[WhiteElo "1584"]
[BlackElo "1735"]
[PlyCount "63"]

1. e4 c6 2. d4 d5 3. Nc3 dxe4 4. Nxe4 Nd7 5. Nf3 Ngf6 6. Nxf6+ Nxf6 7. Bd3 Bg4
8. c3 e6 9. Bf4 Bd6 10. Bg3 O-O 11. Qe2 Rc8 12. O-O-O Qc7 13. h3 Bh5 14. Bxd6
Qxd6 15. g4 Bg6 16. Ne5 Bxd3 17. Rxd3 Qd5 18. Rhd1 Qxa2 19. g5 Nd5 20. Qd2 Ne7
21. h4 Nf5 22. h5 Rfd8 23. g6 hxg6 24. hxg6 fxg6 25. Nxg6 Rd5 26. Rh3 Kf7 27.
Ne5+ Kg8 28. Ng6 Rc7 29. Rh8+ Kf7 30. Ne5+ Ke7 31. Qg5+ Kd6 32. Qd8+ 1-0

[Event "Brno festival"]
[Site "?"]
[Date "2015.08.26"]
[Round "5"]
[White "Tajovsky, Matej"]
[Black "Kosina, Vladimir"]
[Result "0-1"]
[WhiteElo "1556"]
[BlackElo "1734"]
[PlyCount "94"]

1. e4 c5 2. Nf3 e6 3. d4 cxd4 4. Nxd4 a6 5. Nc3 Be7 6. Be2 Qc7 7. O-O Nf6 8.
Be3 O-O 9. Bf3 Nc6 10. Qd2 d6 11. Nde2 Ne5 12. Ng3 b5 13. a4 b4 14. Nce2 Rb8
15. b3 Rd8 16. a5 Ned7 17. Bf4 Bb7 18. Rfd1 Nc5 19. Qe3 e5 20. Bg5 Ne6 21. Bxf6
Bxf6 22. Nf5 Bc6 23. Neg3 Bg5 24. Qe2 Bb5 25. Qe1 g6 26. Ne3 Nd4 27. Rac1 Qxa5
28. Nd5 Bxc1 29. Rxc1 Kg7 30. Qd2 h6 31. h4 Bc6 32. Ne7 Rb7 33. Nxc6 Nxc6 34.
h5 Nd4 35. hxg6 fxg6 36. Kh2 Rf8 37. Bg4 Qd8 38. Rh1 Qg5 39. Qd1 Rf4 40. f3 Rc7
41. Kg1 Rxc2 42. Nh5+ gxh5 43. Rxh5 Rc1 44. Rxg5+ hxg5 45. Qxc1 Ne2+ 46. Kf2
Nxc1 47. Bf5 Rh4 0-1

[Event "Brno festival"]
[Site "?"]
[Date "2015.08.26"]
[Round "5"]
[White "Feldvabl, Vilem"]
[Black "Barak, David"]
[Result "1/2-1/2"]
[WhiteElo "1628"]
[BlackElo "1625"]
[PlyCount "84"]

1. d4 d5 2. c4 e6 3. Nf3 Nf6 4. Bg5 Be7 5. e3 Nbd7 6. Bd3 h6 7. Bh4 O-O 8. O-O
b6 9. Nbd2 Bb7 10. Rc1 c5 11. cxd5 Nxd5 12. Bxe7 Qxe7 13. dxc5 Nxc5 14. Be2
Rfd8 15. Qc2 Rac8 16. Qb1 Kh8 17. Rfd1 Kg8 18. a3 Kh8 19. h3 Kg8 20. Nf1 {(R)}
Kh8 21. N1d2 Kg8 22. Nf1 Kh8 23. N1d2 Nf6 24. b4 Nce4 25. Rxc8 Rxc8 26. Nxe4
Nxe4 27. Qb2 Nc3 28. Rd2 Nxe2+ 29. Rxe2 Bxf3 30. gxf3 {(R)} Qc7 31. Kg2 Qc3 32.
Qa2 Qe5 33. Rc2 Qb8 34. Rxc8+ Qxc8 35. Qd2 Qc7 36. Qb2 Kg8 37. Qd2 Qe7 38. Qc2
Qd7 39. Qc3 Kh8 40. Qc2 Kg8 41. Qc3 Kh8 42. Qc2 Kg8 1/2-1/2

[Event "Brno festival"]
[Site "?"]
[Date "2015.08.26"]
[Round "5"]
[White "Koci, Tereza"]
[Black "Glacner, Karel"]
[Result "0-1"]
[WhiteElo "1621"]
[BlackElo "1550"]
[PlyCount "52"]

1. e4 e5 2. Nf3 f5 3. Nxe5 Qe7 4. Qh5+ g6 5. Nxg6 Qxe4+ 6. Be2 Nf6 7. Qh3 Rg8
8. Nh4 d5 9. d3 Qe6 10. Bf4 Nc6 11. c3 Rg7 12. Nd2 Nh5 13. Nxf5 Nxf4 14. Nxg7+
Bxg7 15. Qxe6+ Bxe6 16. g3 Nxe2 17. Kxe2 O-O-O 18. a3 Re8 19. d4 Bf5+ 20. Kf1
Bh3+ 21. Kg1 Re2 22. Rd1 Bh6 23. Nb1 Rxb2 24. f4 Kd7 25. Nd2 b6 26. Kf2 Rc2 0-1

[Event "Brno festival"]
[Site "?"]
[Date "2015.08.27"]
[Round "6"]
[White "Roubalik, Jakub"]
[Black "Zwardon, Vojtech"]
[Result "1/2-1/2"]
[WhiteElo "2379"]
[BlackElo "2398"]
[PlyCount "22"]

1. d4 Nf6 2. c4 e6 3. Nc3 Bb4 4. e3 O-O 5. Nge2 d5 6. a3 Be7 7. cxd5 exd5 8.
Nf4 c6 9. Bd3 Bd6 10. O-O Nbd7 11. f3 Bxf4 1/2-1/2

[Event "Brno festival"]
[Site "?"]
[Date "2015.08.27"]
[Round "6"]
[White "Polak, Tomas"]
[Black "Fiala, Vaclav"]
[Result "1-0"]
[WhiteElo "2524"]
[BlackElo "2241"]
[PlyCount "91"]

1. d4 d5 2. c4 e6 3. Nf3 c6 4. e3 Nf6 5. Nc3 Nbd7 6. Qc2 Bd6 7. Be2 dxc4 8.
Bxc4 O-O 9. O-O e5 10. h3 Qe7 11. Bb3 Nb6 12. dxe5 Bxe5 13. Nxe5 Qxe5 14. f4
Qc5 15. Nd5 Qd6 16. Nxf6+ Qxf6 17. e4 Re8 18. Bd2 Qd4+ 19. Kh2 Be6 20. Bxe6
Rxe6 21. Rae1 Rd8 22. Bc3 Qc4 23. b3 Qc5 24. Qb2 f6 25. Rf3 Rde8 26. Rfe3 Qd6
27. Qf2 R6e7 28. Kh1 Qc7 29. Qf3 Qd6 30. h4 Qc5 31. Bb2 f5 32. Qh5 Rf8 33. Qg5
Ref7 34. Rf3 Qe7 35. Qxe7 Rxe7 36. Ba3 Rxe4 37. Rxe4 fxe4 38. Bxf8 Kxf8 39. Re3
Kf7 40. Rxe4 Nd5 41. Kh2 h5 42. Kg3 g6 43. Kf3 a6 44. Re5 Nf6 45. f5 gxf5 46.
Kf4 1-0

[Event "Brno festival"]
[Site "?"]
[Date "2015.08.27"]
[Round "6"]
[White "Strebkovs, Andrejs"]
[Black "Vyskocil, Neklan"]
[Result "1/2-1/2"]
[WhiteElo "2358"]
[BlackElo "2376"]
[PlyCount "24"]

1. d4 Nf6 2. Nf3 e6 3. Bg5 c5 4. e3 b6 5. c3 Bb7 6. Nbd2 Be7 7. Bd3 cxd4 8.
exd4 Nd5 9. Bxe7 Qxe7 10. a3 O-O 11. O-O d6 12. Qe2 Nd7 1/2-1/2

[Event "Brno festival"]
[Site "?"]
[Date "2015.08.27"]
[Round "6"]
[White "Novosadova, Kristyna"]
[Black "Kozusek, Daniel"]
[Result "1-0"]
[WhiteElo "2226"]
[BlackElo "2347"]
[PlyCount "117"]

1. e4 c5 2. Nf3 d6 3. d4 cxd4 4. Nxd4 Nf6 5. Nc3 a6 6. Bg5 Nbd7 7. f4 Qc7 8.
Qf3 h6 9. Bxf6 Nxf6 10. f5 Qc5 11. O-O-O g5 12. fxg6 Bg4 13. gxf7+ Kxf7 14. Qd3
Bxd1 15. Nxd1 Bg7 16. Be2 e6 17. Re1 Rhe8 18. Ne3 Kg8 19. c3 Rac8 20. e5 dxe5
21. Nb3 e4 22. Nxc5 exd3 23. Nxd3 b5 24. Nb4 a5 25. Nbc2 Rc5 26. c4 b4 27. Rd1
Rb8 28. Rd6 b3 29. axb3 Rxb3 30. Rxe6 Nd7 31. Nd1 Ne5 32. Nce3 Nc6 33. Nd5 Kf7
34. Rd6 Rb7 35. N1c3 Bxc3 36. Nxc3 Ne5 37. Rxh6 Kg7 38. Rh4 Rb4 39. Ne4 Rc6 {
(R)} 40. Nd2 a4 41. Rh5 Nd7 42. Bf3 Rc7 43. Kc2 Ra7 44. Kc3 Rb8 45. Rb5 a3 46.
bxa3 Rxa3+ 47. Nb3 Rxb5 48. cxb5 Nb6 49. Kb4 Ra2 50. Kc5 Na4+ 51. Kd6 Rb2 52.
Nd4 Rb4 53. Ke5 Nc3 54. Bc6 Kf7 55. h4 Ke7 56. h5 Rc4 57. Nf5+ Kd8 58. h6 Rc5+
59. Kf6 1-0